Mastering Real Estate Valuation/ (Record no. 189075)

MARC details
000 -LEADER
fixed length control field 00531nam a2200169 4500
005 - DATE AND TIME OF LATEST TRANSACTION
control field 20220613111409.0
010 ## - LCCN (DPL NO)
LC control number ENG-133235
020 ## - INTERNATIONAL STANDARD BOOK NUMBER
International Standard Book Number 978-93-5321-864-5
Terms of availability 1500.00
035 ## - SYSTEM CONTROL NUMBER
System control number EN-116767
037 ## - SOURCE OF ACQUISITION
Source of stock number/acquisition DBAD/PUB
082 ## - DEWEY DECIMAL CLASSIFICATION NUMBER
Classification number 332.6324
245 ## - TITLE STATEMENT
Title Mastering Real Estate Valuation/
260 ## - PUBLICATION, DISTRIBUTION, ETC. (IMPRINT)
Place of publication, distribution, etc Hooghly WB
Name of publisher, distributor, etc Syamales Datta
Date of publication, distribution, etc 2018
270 ## - ADDRESS
Address 55/B, Ramsita Ghat Street, Bhadrakali
City Hooghly WB
Postal code 712232
Electronic mail address syamalesdatta@yahoo.in
300 ## - PHYSICAL DESCRIPTION
Extent vi,622p.
Other physical details Index
Dimensions 22cm(pbk)
942 ## - ADDED ENTRY ELEMENTS (KOHA)
Source of classification or shelving scheme Dewey Decimal Classification
Item type English Books
Classification part 332.6324
Call number suffix MAS
Holdings
Withdrawn status Lost status Not for loan Collection code Home library Current library Date acquired Source of acquisition Cost, normal purchase price Full call number Barcode Copy number Cost, replacement price Koha item type
      Non-fiction Bawana Bawana 13/06/2022 DBAD/PUB 1500.00 332.6324 MAS EN-116767 1 1500.00 English Books

© Delhi Public Library
Hit Counter
free hit counter